[Event "Al Ain Amateur op 4th"]
[Site "Al Ain"]
[Date "2015.12.28"]
[Round "7"]
[White "Sultan, Fadel Saeed M Alsha"]
[Black "Abdulla, Rashed"]
[Result "1-0"]
[WhiteElo "1363"]
[BlackElo "1511"]
[PlyCount "54"]
[EventDate "2015.12.23"]
[EventType "swiss"]
[EventRounds "9"]
[EventCountry "UAE"]
[SourceTitle "CBM 170 Extra"]
[Source "ChessBase"]
[SourceDate "2016.02.25"]
[SourceVersion "1"]
[SourceVersionDate "2016.02.25"]
[SourceQuality "1"]

1. e4 c5 2. d4 cxd4 3. c3 dxc3 4. Nxc3 e6 5. Nf3 Bb4 6. Bd2 Ne7 7. Bc4 d6 8. 0-0 0-0 9. Qe2 b6 10. Rfd1 Ng6 11. Rac1 Bb7 12. Bg5 Qd7 13. Bb5 Nc6 14. Qc4 Bxc3 15. Rxc3 Rac8 16. Nd4 h6 17. Be3 Nge5 18. Qa4 Rc7 19. f4 Ng4 20. Bf2 Rfc8 21. Rdc1 a6 22. Bxc6 Bxc6 23. Nxc6 b5 24. Qc2 d5 25. Ne7+ Qxe7 26. Rxc7 Rxc7 27. Qxc7 Qf6 1-0

[Event "Al Ain Amateur op 4th"]
[Site "Al Ain"]
[Date "2015.12.26"]
[Round "4"]
[White "Sultan, Fadel Saeed M Alsha"]
[Black "Rajesh, Vasanthakumar"]
[Result "0-1"]
[WhiteElo "1363"]
[BlackElo "1633"]
[PlyCount "70"]
[EventDate "2015.12.23"]
[EventType "swiss"]
[EventRounds "9"]
[EventCountry "UAE"]
[SourceTitle "CBM 170 Extra"]
[Source "ChessBase"]
[SourceDate "2016.02.25"]
[SourceVersion "1"]
[SourceVersionDate "2016.02.25"]
[SourceQuality "1"]

1. e4 c5 2. d4 cxd4 3. c3 dxc3 4. Nxc3 e6 5. Nf3 a6 6. Bc4 b5 7. Bb3 Bb7 8. 0-0 b4 9. Ne2 Bxe4 10. Ng3 Bb7 11. Qe2 Be7 12. Rd1 d5 13. Ne5 Nf6 14. Ba4+ Nbd7 15. Bg5 0-0 16. Bxf6 Nxf6 17. Bc2 Bd6 18. f4 Bxe5 19. fxe5 Nd7 20. Qh5 h6 21. Qe2 Qg5 22. Qd3 g6 23. Re1 Rac8 24. Re2 Nxe5 25. Qd4 Rc4 26. Qb6 Rfc8 27. Bb3 Rc1+ 28. Rxc1 Rxc1+ 29. Nf1 Nd3 30. g3 Qf5 31. Rf2 Nxf2 32. Qxf2 Qb1 33. Ba4 d4 34. Be8 f5 35. Bxg6 Qe4 0-1

[Event "UAE-ch U15 int"]
[Site "Al Ain"]
[Date "2015.04.10"]
[Round "8"]
[White "Sultan, Fadel Saeed M Alsha"]
[Black "Matviishen, Viktor"]
[Result "0-1"]
[WhiteElo "1293"]
[BlackElo "2376"]
[PlyCount "64"]
[EventDate "2015.04.06"]
[EventType "swiss"]
[EventRounds "9"]
[EventCountry "UAE"]
[SourceTitle "CBM 166 Extra"]
[Source "ChessBase"]
[SourceDate "2015.06.18"]
[SourceVersion "1"]
[SourceVersionDate "2015.06.18"]
[SourceQuality "1"]

1. e4 d5 2. exd5 Qxd5 3. d4 Nc6 4. Nf3 Bg4 5. Be2 0-0-0 6. Be3 e6 7. h3 Bh5 8. 0-0 Nf6 9. c4 Qd7 10. Nc3 Bxf3 11. Bxf3 Nxd4 12. Nb5 Nxb5 13. Qxd7+ Nxd7 14. cxb5 Bc5 15. Bf4 e5 16. Bg3 Bd4 17. Rac1 Bxb2 18. Rc2 Ba3 19. Rc3 Bd6 20. Rd1 Kb8 21. Rcd3 f5 22. R3d2 Rde8 23. a4 f4 24. Bh2 Nc5 25. a5 Nb3 26. Ra2 Nd4 27. Be4 Nxb5 28. Rb1 a6 29. Rab2 c6 30. g3 g5 31. Bd3 Kc7 32. Rc2 Na3 0-1

[Event "Al Ain op 3rd"]
[Site "Al Ain"]
[Date "2014.12.23"]
[Round "6"]
[White "Bunyatov, Rustam Faiq"]
[Black "Sultan, Fadel Saeed M Alsha"]
[Result "1-0"]
[WhiteElo "2077"]
[BlackElo "1247"]
[PlyCount "91"]
[EventDate "2014.12.19"]
[EventType "swiss"]
[EventRounds "9"]
[EventCountry "UAE"]
[SourceTitle "CBM 164 Extra"]
[Source "ChessBase"]
[SourceDate "2015.03.02"]
[SourceVersion "1"]
[SourceVersionDate "2015.03.02"]
[SourceQuality "1"]

1. c4 Nf6 2. g3 e6 3. Bg2 Be7 4. Nf3 0-0 5. 0-0 d6 6. Nc3 Nc6 7. Rb1 e5 8. d3 Be6 9. b4 Qd7 10. b5 Nd8 11. Ng5 h6 12. Nxe6 fxe6 13. d4 exd4 14. Qxd4 c5 15. Qd3 Nf7 16. f4 e5 17. Nd5 Bd8 18. fxe5 Nxe5 19. Nxf6+ Rxf6 20. Qd5+ Kh8 21. Rxf6 Bxf6 22. Qxb7 Qxb7 23. Bxb7 Re8 24. Bd5 Nd7 25. Bc6 Re7 26. Bxd7 Rxd7 27. Bb2 Bg5 28. Rd1 Re7 29. Kf1 Rf7+ 30. Ke1 Be7 31. Rd3 Kg8 32. Rf3 Bf6 33. Bxf6 Rxf6 34. Rxf6 gxf6 35. a4 d5 36. cxd5 Kg7 37. a5 c4 38. b6 c3 39. bxa7 c2 40. Kd2 Kg6 41. a8Q Kg5 42. Qg8+ Kf5 43. Kd3 c1N+ 44. Ke3 Nb3 45. g4+ Ke5 46. Qe6# 1-0

[Event "Al Ain op 3rd"]
[Site "Al Ain"]
[Date "2014.12.20"]
[Round "3"]
[White "Sultan, Fadel Saeed M Alsha"]
[Black "Derakhshani, Dorsa"]
[Result "0-1"]
[WhiteElo "1247"]
[BlackElo "2188"]
[PlyCount "42"]
[EventDate "2014.12.19"]
[EventType "swiss"]
[EventRounds "9"]
[EventCountry "UAE"]
[SourceTitle "CBM 164 Extra"]
[Source "ChessBase"]
[SourceDate "2015.03.02"]
[SourceVersion "1"]
[SourceVersionDate "2015.03.02"]
[SourceQuality "1"]

1. e4 e5 2. Nf3 Nc6 3. Bc4 Bc5 4. d3 Nf6 5. Nc3 a6 6. Bg5 h6 7. Be3 Qe7 8. Nd5 Nxd5 9. Bxd5 Ba7 10. c3 d6 11. 0-0 Bg4 12. h3 Bd7 13. Bxa7 Rxa7 14. d4 0-0 15. Nh2 Qg5 16. Ng4 h5 17. Ne3 Bxh3 18. Kh2 Bg4 19. Nxg4 Qh4+ 20. Kg1 hxg4 21. f4 g3 0-1